Lenin "Materializmus és empiriokriticizmus" c. könyvéről. Tanulmányok

Elmentve itt :
Bibliográfiai részletek
Szerző: Pozner, V.M
További közreműködők: Makarov, A.D
Makszimov, A.
Adatforrás:Philobibl
Dokumentumtípus: Könyv
Nyelv:magyar
Megjelent: Bp. Szikra 1949
Sorozat:Marxista ismeretek kis könyvtára 53.
LEADER 00528nam a2200157 c 4500
001 bibDOK00008907
005 20200924120441.6
008 060518s1949 hu hun
100 1 |a Pozner, V.M. 
245 1 0 |a Lenin "Materializmus és empiriokriticizmus" c. könyvéről. Tanulmányok  |c Pozner, V.M. ; Makarov, A.D. ; Makszimov, A. 
260 |a Bp.  |b Szikra  |c 1949 
300 |a 141 p. 
490 1 |a Marxista ismeretek kis könyvtára 53. 
700 1 |a Makarov, A.D. 
700 1 |a Makszimov, A. 
830 0 |a Marxista ismeretek kis könyvtára 53.